Languages for Specific Purposes in Higher Education - Searching for Common Solutions : proceedings from the international conference /

Korporativní autor: Univerzita obrany. Centrum jazykové přípravy
Další autoři: Languages for Specific Purposes in Higher Education - Searching for Common Solutions, Šikolová, Mária, 1959-, Müllerová, Alena
Jazyk: Angličtina
Vydáno: Brno : Univerzita obrany, 2007
Vydání: Vyd. 1.
Témata:
Fyzický popis: 405 s. : il. ; 21 cm
Knihy
Uloženo v:
LEADER 02047nam a2200493 a 4500
001 nkc20071759423
003 CZ PrNK
005 20080103135919.0
007 ta
008 071018s2007 xr a f 100 0 eng
015 |a cnb001759423 
020 |a 978-80-7231-260-3  |q (brož.) :  |c Kč 218,00 
035 |a (OCoLC)190753902 
040 |a BOA001  |b cze  |d ABA001 
072 7 |a 81  |x Lingvistika. Jazyky  |2 Konspekt  |9 11 
080 |a 378  |2 MRF 
080 |a 81'24  |2 MRF 
080 |a 81'33  |2 MRF 
080 |a (062.534)  |2 MRF 
111 2 |a Languages for Specific Purposes in Higher Education - Searching for Common Solutions  |d (2006 :  |c Brno, Česko)  |7 olak2007353635 
245 1 0 |a Languages for Specific Purposes in Higher Education - Searching for Common Solutions :  |b proceedings from the international conference /  |c editor Mária Šikolová, Alena Müllerová 
250 |a Vyd. 1. 
260 |a Brno :  |b Univerzita obrany,  |c 2007 
300 |a 405 s. :  |b il. ;  |c 21 cm 
500 |a Nad názvem: Univerzita obrany, Centrum jazykové přípravy 
500 |a 50 výt. 
504 |a Obsahuje bibliografie a bibliografické odkazy 
650 0 7 |a vysoké školy  |7 ph116649  |2 czenas 
650 0 7 |a jazyková výuka  |7 ph162894  |2 czenas 
650 0 7 |a aplikovaná lingvistika  |7 ph118545  |2 czenas 
650 0 9 |a universities and colleges  |2 eczenas 
650 0 9 |a language teaching and learning  |2 eczenas 
650 0 9 |a applied linguistics  |2 eczenas 
655 7 |a sborníky konferencí  |7 fd133333  |2 czenas 
655 9 |a proceedings of conferences  |2 eczenas 
700 1 |a Šikolová, Mária,  |d 1959-  |7 xx0038840  |4 edt 
700 1 |a Müllerová, Alena  |7 ola2007364446  |4 edt 
710 2 |a Univerzita obrany.  |b Centrum jazykové přípravy  |7 kn20070206020 
910 2 |a BOA001  |b 2-1193.398 
990 |a BK 
995 |a 01 
991 |b 200711  |c NOV 
996 6 |b 2610323313  |c 2-1193.398  |l MZK  |r Sklad / do 1 hodiny  |n 0  |p p.v.  |w 000871853  |u 000010  |a 1  |e BOA001  |j MZK50  |s P 
996 7 |b 2610323314  |c 2-1193.398  |l MZK  |r Sklad / do 1 hodiny  |n 10  |p p.v.  |w 000871853  |u 000020  |a 1  |e BOA001  |j MZK50  |s A